Héros de Bandes Dessinées # 6 - Statistiques

Statistiques générales
  • Ce quiz a été pris 93 fois
  • Le résultat moyen est 9 sur 22
Statistiques - réponses
Par images Réponse % Correct
Donatello
88%
Michel
86%
Raphaël
84%
Léo
81%
Michelangelo
81%
Leonardo
79%
Super Dingo
69%
Odie
53%
les Pompiers
44%
Jon Arbuckle
42%
les Gendarmes
37%
Dad
36%
Fantomiald
32%
Invincible
26%
Kiki et Alien
9%
Cuisinier
7%
Karton
7%
Taka Takata
7%
les Mémés
6%
les Poêleurs
6%
Brutos
4%
Dirty Henri
1%
Aucun quiz correspondant
Distribution des résultats
% des personnes avec chaque résultat
Percentile par nombre de réponses
Votre historique - résultats
Vous n’avez pas pris ce quiz